The civil law tradition : an introduction to the legal systems of Europe and Latin America /
| Yazar: | |
|---|---|
| Diğer Yazarlar: | |
| Materyal Türü: | Kitap |
| Dil: | English |
| Baskı/Yayın Bilgisi: |
Stanford, Calif :
Stanford University Press,
2007.
|
| Edisyon: | 3rd ed. |
| Konular: | |
| Online Erişim: | Table of contents only Contributor biographical information Publisher description |
| Classic Catalogue: | View this record in Classic Catalogue |
| LEADER | 01619nam a2200361 a 4500 | ||
|---|---|---|---|
| 001 | 31515 | ||
| 003 | BD-DhAAL | ||
| 005 | 20211125110857.0 | ||
| 008 | 170125s2007 cau b 001 0 eng | ||
| 999 | |c 37773 |d 37773 | ||
| 010 | |a 2007003956 | ||
| 020 | |a 9780804755689 (cloth : alk. paper) | ||
| 020 | |a 080475568X (cloth : alk. paper) | ||
| 020 | |a 9780804755696 (pbk. : alk. paper) | ||
| 020 | |a 0804755698 (pbk. : alk. paper) | ||
| 040 | |a DLC |c DLC |d BAKER |d BTCTA |d C#P |d YDXCP |d DLC |d BD-DhAAL | ||
| 050 | 0 | 0 | |a K585 |b .M467 2007 |
| 082 | 0 | 0 | |a 340.56 |2 22 |
| 100 | 1 | |a Merryman, John Henry. |9 20952 | |
| 245 | 1 | 4 | |a The civil law tradition : |b an introduction to the legal systems of Europe and Latin America / |c John Henry Merryman and Rogelio Pérez-Perdomo. |
| 250 | |a 3rd ed. | ||
| 260 | |a Stanford, Calif : |b Stanford University Press, |c 2007. | ||
| 300 | |a x, 173 p. ; |c 22 cm. | ||
| 504 | |a Includes bibliographical references (p. 163-166) and index. | ||
| 541 | |e 31515 | ||
| 650 | 0 | |a Civil law systems. |9 20953 | |
| 650 | 0 | |a Law. |9 43137 | |
| 700 | 1 | |a Pérez-Perdomo, Rogelio. |9 20954 | |
| 856 | 4 | 1 | |3 Table of contents only |u http://www.loc.gov/catdir/toc/ecip079/2007003956.html |
| 856 | 4 | 2 | |3 Contributor biographical information |u http://www.loc.gov/catdir/enhancements/fy0801/2007003956-b.html |
| 856 | 4 | 2 | |3 Publisher description |u http://www.loc.gov/catdir/enhancements/fy0801/2007003956-d.html |
| 942 | |2 ddc |c BK | ||
| 952 | |0 0 |1 0 |2 ddc |4 0 |6 340_560000000000000_MER |7 0 |9 59917 |a BRACUL |b BRACUL |c GEN |d 2016-11-29 |e Trim Education |g 1485.00 |l 3 |m 8 |o 340.56 MER |p 3010031515 |r 2019-07-17 |s 2019-07-08 |t 1 |v 1485.00 |w 2016-11-29 |y BK | ||